| 000 | 00839nam a2200193Ia 4500 | ||
|---|---|---|---|
| 999 |
_c37686 _d37686 |
||
| 001 | 3659 | ||
| 003 | GE_BSU | ||
| 005 | 20190625195428.0 | ||
| 008 | 181216s2010||||ge |||||||||||||| ||geo|| | ||
| 040 | _cGE_BSU | ||
| 041 | _ageo | ||
| 080 | _a324(479.22)(094.4) ს–32 | ||
| 245 |
_aსაქართველოს საარჩევნო კოდექსი : _bსაქ.ცენტრ. საარჩევნო კომისიის თავმჯდომარე 11 აპრილი 2010 წელი : _cზურაბ ხარატიშვილი |
||
| 264 |
_aთბილისი : _b[გ.გ.], _c2010. |
||
| 300 |
_a143 გვ.; _b20 სმ. |
||
| 653 | _aსაქართველოს საარჩევნო კოდექსი | ||
| 653 | _aსამართალი | ||
| 942 |
_cBK _2udc |
||